000 01356cab a2200289 4500
001 X85618
008 090401t1998 xxu||||| |||| 00| 0 eng d
035 _a(Sirsi) u85618
041 _aeng
245 _aGarner v SoS Environment and another
260 _c1998
350 _a0
490 _aProperty, Planning and Compensation Reports
_v(3) 1998 PCR 273-281(9)
520 _aQBD 12 December 1997. The Appellent, Garner (G) owned property. Second respondent granted planning permission in accordance to drawings. Structure differed in some respects to drawings. Enforcement notice issued. G appealed on grounds in the Town and Country Planning Act 1990 s173 and s289. Whether inspector entitled to regard parts of structure not subject to enforcement. Whether enforcement notice should indentify all or parts of structure that authority wish to enforce against. Appeal dismissed.
650 _aENFORCEMENT NOTICE
650 _aENFORCEMENT NOTICES
650 _aGARNER V SOS ENVIRONMENT AND ANOTHER
650 _aMATERIAL CONSIDERATIONS
650 _aNON-COMPLIANCE
650 _aPLANNING PERMISSION
650 _aTOWN AND COUNTRY PLANNING ACT 1990 S173
650 _aTOWN AND COUNTRY PLANNING ACT 1990 S289
650 _aTOWN AND COUNTRY PLANNING
690 _aPLANNING LAW AND PRACTICE-CASE LAW
942 _n0
948 _c16/04/1998
999 _c53843
_d53843